Tārīkh al-azyāʾ al-shaʻbīyah fī Miṣr /

محفوظ في:

المؤلف الرئيسي: Elkhadem, Saad (مؤلف)

التنسيق: كتاب

اللغة: Arabic

منشور في: Misr : Dar al-ma'arif, 1959.

سلاسل: Matbu'at al-majlis al-ala li-ri'ayat al-funun wa-al-Adab wa-al'Ulum al-ijtima'iyah ; 6.

الموضوعات:

الوسوم: إضافة وسم

لا توجد وسوم, كن أول من يضع وسما على هذه التسجيلة!

رقم الطلب: GT1585 .K52 1959

LEADER 01135nam a2200265Ia 4500
003 OSt
005 20230725075258.0
008 130303s1959 ua 000 0 ara d
952 |0 0  |1 0  |2 lcc  |4 0  |6 GT1585 K52 01959  |7 1  |9 49311  |a ARCE  |b ARCE  |d 2023-07-25  |l 0  |o GT1585 .K52 1959  |p 1000512  |r 2023-07-25 00:00:00  |w 2023-07-25  |y BK 
999 |c 25400  |d 25400 
040 |c ARCE Library 
043 |a f-ua--- 
050 4 |a GT1585 .K52 1959 
100 1 |6 880-01  |a Elkhadem, Saad,  |e author  |9 29528 
245 1 0 |6 880-02  |a Tārīkh al-azyāʾ al-shaʻbīyah fī Miṣr /   |c taʾlīf Saʻd al-Khādim. 
264 1 |a Misr :  |b Dar al-ma'arif,  |c 1959. 
300 |a 64 pages, [48] p. of plates :   |b illus. ;   |c 28 cm. 
490 0 |a Matbu'at al-majlis al-ala li-ri'ayat al-funun wa-al-Adab wa-al'Ulum al-ijtima'iyah ;   |v 6. 
504 |a Includes bibliographical references (p. 61-64). 
650 0 |a Clothing and dress  |z Egypt. 
650 0 |a Costume  |z Egypt. 
880 1 |6 100-01/(3/r  |a خادم، سعد 
880 1 0 |6 245-02/(3/r  |a تاريخ الأزياء الشعبية في مصر   |c تأليف سعد الخادم.‪‪‪‪‪‪‪ 
901 |a reviewed 
942 |c BK  |2 lcc